Are technology transfers skill biased? (Record no. 512243)

000 -LEADER
fixed length control field 00414nam a2200133 4500
008 - FIXED-LENGTH DATA ELEMENTS--GENERAL INFORMATION
fixed length control field 191115b ||||| |||| 00| 0 eng d
100 ## - MAIN ENTRY--PERSONAL NAME
Personal name Virmani, Swati
245 ## - TITLE STATEMENT
Title Are technology transfers skill biased?
260 ## - PUBLICATION, DISTRIBUTION, ETC. (IMPRINT)
Name of publisher, distributor, etc Indian Journal of Labour Economics
300 ## - PHYSICAL DESCRIPTION
Extent 62(2), Apr-Jun, 2019: p.239-263.
773 ## - HOST ITEM ENTRY
Main entry heading Indian Journal of Labour Economics
906 ## - LOCAL DATA ELEMENT F, LDF (RLIN)
Subject DIP Technology transfer
942 ## - ADDED ENTRY ELEMENTS (KOHA)
Source of classification or shelving scheme
Item type Articles
Holdings
Withdrawn status Lost status Source of classification or shelving scheme Damaged status Not for loan Permanent location Current location Date acquired Serial Enumeration / chronology Barcode Date last seen Koha item type
          Indian Institute of Public Administration Indian Institute of Public Administration 2019-11-15 62(2), Apr-Jun, 2019: p.239-263. AR121634 2019-11-15 Articles

Powered by Koha